000 00866cam a22002651 4500
001 7789417
003 ARRUPE
005 20140326172725.0
008 721110s1922 enkabc 000 0beng
010 _a 22022711
035 _a(OCoLC)491804
040 _aDLC
_cOAU
_dOCoLC
_dDLC
042 _apremarc
050 0 0 _aDT776.J3
_bC6
100 1 _aColvin, Ian Duncan,
_d1877-1938.
_99489
245 0 4 _aThe life of Jameson,
_cby Ian Colvin ...
260 _aLondon,
_bE. Arnold and co.,
_c1922.
300 _a2 v.
_bfronts., illus. (maps) ports.
_c23 cm.
600 1 0 _aJameson, Leander Starr,
_cSir, bart.,
_d1853-1917.
_99490
600 1 0 _aRhodes, Cecil,
_d1853-1902.
_99491
650 0 _aJameson's Raid, 1895-1896.
_99492
651 0 _aSouth Africa
_xPolitics and government.
_99493
906 _a7
_bcbc
_coclcrpl
_du
_encip
_f19
_gy-gencatlg
942 _2lcc
_cREFERENCE
999 _c120297
_d120297